Exploremos nuestro entorno con Tiplero, el lagarto / (Registro nro. 19097)

Detalles MARC
000 -CABECERA
Campo de control 01204nam a2200289 a 4500
005 - FECHA Y HORA DE LA ULTIMA TRANSACCION
Campo de control 20180803170336.0
008 - ELEMENTOS DE LONGITUD FIJA—INFORMACION GENERAL
Campo de control 161019s2008 ck ad|||r|||| 00| 0 spa d
020 ## - ISBN
ISBN 9789586601245
040 ## - FUENTE DE CATALOGACIÓN
Agencia catalogadora original CO-BoIAVH
Agencia transcriptora CO-BoIAVH
041 0# - IDIOMA
Código de idioma para texto/pista de sonido o título separado Español
044 ## - PAÍS DE PUBLICACIÓN
País de publicación Colombia
082 04 - NUMERO DE CLASIFICACION DECIMAL DEWEY
Número de clasificación 333.7071
Número del ítem D27e
100 1# - ASIENTO PRINCIPAL--NOMBRE PERSONAL
Nombre personal Daza Pérez, Erika Patricia
Término relacionado autora
9 (RLIN) 76990
245 10 - MENCION DE TITULO
Título Exploremos nuestro entorno con Tiplero, el lagarto /
Mención de responsabilidad Erika Patricia Daza Pérez, Gloria Leonor Gutiérrez Gómez y Fabian Ramiro Machuca Gómez
260 ## - PUBLICACION, DISTRIBUCION, ETC. (PIE DE IMPRENTA)
Lugar de publicación, distribución, etc. Tunja, Colombia :
Nombre del editor, distribuidor, etc. Uptc,
Fecha de publicación, distribución, etc. 2008.
300 ## - DESCRIPCION FISICA
Extensión 56 páginas :
Otros detalles físicos ilustraciones a color ;
Dimensiones 26 x 20 cm.
490 0# - MENCION DE SERIE
Mención de serie Colección investigación Uptc: no.
Designación numérica/secuencial del volumen 14
Mención de serie Serie cartillas: no.
Designación numérica/secuencial del volumen 1
504 ## - NOTA DE BIBLIOGRAFIA, ETC.
Nota de bibliografía Incluye referencias bibliográficas.
650 26 - ASIENTO SECUNDARIO DE MATERIA - TERMINO TEMATICO
Término temático o nombre geográfico como elemento de entrada Reptiles
9 (RLIN) 92767
650 24 - ASIENTO SECUNDARIO DE MATERIA - TERMINO TEMATICO
Término temático o nombre geográfico como elemento de entrada Lagartos
9 (RLIN) 93071
650 26 - ASIENTO SECUNDARIO DE MATERIA - TERMINO TEMATICO
Término temático o nombre geográfico como elemento de entrada Ciencias biológicas
Subdivisión general enseñanza
9 (RLIN) 76996
650 26 - ASIENTO SECUNDARIO DE MATERIA - TERMINO TEMATICO
Término temático o nombre geográfico como elemento de entrada Educación ambiental
Subdivisión general enseñanza
9 (RLIN) 76997
700 1# - ASIENTO SECUNDARIO - NOMBRE PERSONAL
Nombre personal Gutiérrez Gómez, Gloria Leonor
Término de relación autora
9 (RLIN) 76991
700 1# - ASIENTO SECUNDARIO - NOMBRE PERSONAL
Nombre personal Machuca Gómez, Fabian Ramiro
Término de relación autor
9 (RLIN) 76992
710 2# - ASIENTO SECUNDARIO - NOMBRE CORPORATIVO
9 (RLIN) 13865
Nombre corporativo o de jurisdicción como elemento de entrada Universidad Pedagógica y Tecnológica de Colombia
Unidad subordinada Universidad Pedagógica y Tecnológica de Colombia
942 ## - ELEMENTOS ADICIONALES (KOHA)
Sistema de clasificación Dewey Decimal Classification
Tipo de ítem Libro
Existencias
Withdrawn status Lost status Sistema de Clasificación Damaged status No para préstamo Colección Inventariado Ubicación Permanente Ubicación actual Fecha de adquisición Fuente de Valor Valor Total Checkouts Número topográfico Inventario / Código de Barras Date last seen Ejemplar Price effective from Forma de adquisición Tipo de material
    Dewey Decimal Classification     General Inventariado 2017 Bogotá Bogotá 19/10/2016 Instituto 39000.00   LB-333.7071 D27e 040780 19/10/2016 Ej. 1 19/10/2016 Donación Libro